<?xml version="1.0" encoding="UTF-8"?>
<record
    xmlns:xsi="http://www.w3.org/2001/XMLSchema-instance"
    xsi:schemaLocation="http://www.loc.gov/MARC21/slim http://www.loc.gov/standards/marcxml/schema/MARC21slim.xsd"
    xmlns="http://www.loc.gov/MARC21/slim">

  <leader>01694nam a2200205 a 4500</leader>
  <controlfield tag="008">200311s2014    ag ||||gr|||| 001 0 spa d</controlfield>
  <datafield tag="020" ind1=" " ind2=" ">
    <subfield code="a">9789500739719</subfield>
  </datafield>
  <datafield tag="041" ind1=" " ind2=" ">
    <subfield code="a">spa</subfield>
  </datafield>
  <datafield tag="092" ind1=" " ind2=" ">
    <subfield code="c">864</subfield>
    <subfield code="l">6</subfield>
    <subfield code="s">BAC</subfield>
  </datafield>
  <datafield tag="100" ind1="1" ind2=" ">
    <subfield code="a">Bachrach, Estanilao.</subfield>
    <subfield code="9">4136</subfield>
  </datafield>
  <datafield tag="245" ind1=" " ind2=" ">
    <subfield code="a">&#xC1;gilmente.</subfield>
    <subfield code="b">Aprende c&#xF3;mo funciona tu cerebro para potenciar tu creatividad y vivir mejor /</subfield>
    <subfield code="c">Estanilao Bachrach.</subfield>
  </datafield>
  <datafield tag="250" ind1=" " ind2=" ">
    <subfield code="a">20a ed.</subfield>
  </datafield>
  <datafield tag="260" ind1=" " ind2=" ">
    <subfield code="a">Buenos Aires:</subfield>
    <subfield code="b">Sudamericana;</subfield>
    <subfield code="c">2014.</subfield>
  </datafield>
  <datafield tag="300" ind1=" " ind2=" ">
    <subfield code="a">392 p.</subfield>
    <subfield code="b">23x16 cm.</subfield>
  </datafield>
  <datafield tag="500" ind1=" " ind2=" ">
    <subfield code="a">Bachrach, E. (2014). &#xC1;gilmente. Aprende c&#xF3;mo funciona tu cerebro para potenciar tu creatividad y vivir mejor. (20 ed.). Buenos Aires : Sudamericana.</subfield>
  </datafield>
  <datafield tag="520" ind1=" " ind2=" ">
    <subfield code="a">&#xBF;Cre&#xE9;s que ser creativo es un atributo de genios y gur&#xFA;es? Estas equivocado. Seas quien seas pod&#xE9;s cambiar. La creatividad puede expandirse. Hoy la neurociencia es clara: el cerebro aprende hasta el &#xFA;ltimo d&#xED;a de vida. Tu mente, mediante la aplicaci&#xF3;n de las t&#xE9;cnicas correctas, puede modificar la anatom&#xED;a y estructura de tu cerebro. &#xC1;gilmente es un libro sobre nuestro talento m&#xE1;s preciado y &#xFA;nico: la habilidad que tenemos para imaginar y ser m&#xE1;s creativos. A trav&#xE9;s de estas p&#xE1;ginas vas a lograr desarrollar todo tu potencial y a entender los mecanismos de tus propios aprendizajes, a comprender c&#xF3;mo utilizar los sentidos, a ampliar la memoria, a focalizar la atenci&#xF3;n, a controlar las emociones negativas y a disfrutar de las positivas.
Dejate llevar en un viaje alucinante y divertido hacia lo m&#xE1;s profundo de tu cerebro porque, una vez que lo conozcas, tu vida va a cambiar para siempre.</subfield>
  </datafield>
  <datafield tag="590" ind1=" " ind2=" ">
    <subfield code="a">Proyecto 4to libro. Donaci&#xF3;n Pardo Paula. Marzo 2020.</subfield>
  </datafield>
  <datafield tag="655" ind1=" " ind2=" ">
    <subfield code="a">Literatura</subfield>
    <subfield code="9">2917</subfield>
  </datafield>
  <datafield tag="942" ind1=" " ind2=" ">
    <subfield code="2">ddc</subfield>
    <subfield code="c">LIT</subfield>
  </datafield>
  <datafield tag="999" ind1=" " ind2=" ">
    <subfield code="c">3095</subfield>
    <subfield code="d">3095</subfield>
  </datafield>
  <datafield tag="952" ind1=" " ind2=" ">
    <subfield code="0">0</subfield>
    <subfield code="1">0</subfield>
    <subfield code="2">ddc</subfield>
    <subfield code="4">0</subfield>
    <subfield code="7">0</subfield>
    <subfield code="a">BFM</subfield>
    <subfield code="b">BFM</subfield>
    <subfield code="c">CR</subfield>
    <subfield code="d">2020-03-11</subfield>
    <subfield code="e">Donaci&#xF3;n Pardo, Paula. Marzo 2020.</subfield>
    <subfield code="l">1</subfield>
    <subfield code="m">1</subfield>
    <subfield code="o">864 6 BAC</subfield>
    <subfield code="p">4649</subfield>
    <subfield code="r">2023-10-26</subfield>
    <subfield code="s">2023-10-05</subfield>
    <subfield code="t">Ej. 1</subfield>
    <subfield code="w">2020-03-11</subfield>
    <subfield code="y">LIT</subfield>
    <subfield code="z">Proyecto 4to libro. Donaci&#xF3;n Pardo, Paula. marzo 2020.</subfield>
  </datafield>
</record>
